• 首页
  • 本馆介绍
  • 公告通知
  • 最新文献
  • 馆藏检索
  • 电子资源
  • 读者导购
  • 参考咨询
  • 我的图书馆
  • 登录
  • 详细信息显示
  • 放入我的书架
  • 预约/预借图书
  • 作者相关作品
  • 分类相关作品
  • 丛书相关作品
  • 出版社相关作品

书目信息

  • 表格格式
  • 工作单格式
  • 卡片格式
题名:
后戏剧剧场
    
 
作者: 雷曼 著 ;李亦男 译
分册:  
出版信息: 北京   北京大学出版社  2016
页数: 10,262页
开本: 23cm
丛书名:
单 册:
中图分类: J805.5
科图分类:
主题词: 后现代主义--hou xian dai zhu yi--戏剧评论--欧洲
电子资源:
ISBN: 978-7-301-27672-3
000 00975nam0 22002771 450
001 1738634916
005 20170628112612.63
010    @a978-7-301-27672-3@dCNY46.00
100    @a20170106d2016 em y0chiy50 ea
101 1  @achi@cger
102    @aCN@b110000
105    @ay z 000yy
106    @ar
200 1  @a后戏剧剧场@9hou xi ju ju chang@dPostdramatisches theater@f(德)汉斯-蒂斯·雷曼著@g李亦男译@zeng
205    @a2版@b修订版
210    @a北京@c北京大学出版社@d2016
215    @a10,262页@d23cm
300    @a戏剧学专著
330    @a本书共七章,主要内容有:戏剧、后戏剧剧场前史、后戏剧剧场纵览、后戏剧剧场符号、例子、展演、后戏剧剧场的方方面面等。
510 1  @aPostdramatisches theater@zger
606 0  @a后现代主义@9hou xian dai zhu yi@x戏剧评论@y欧洲
690    @aJ805.5@v5
701  0 @c(德)@a雷曼@9lei man@c(Lehmann, Hans-Thies@f1944~)@4著
702  0 @a李亦男@9li yi nan@4译
801  0 @aCN@bTANGWEI@c20170626
905    @b1016624-9@dJ805.5@e112=2@f6
    
    后戏剧剧场=Postdramatisches theater/(德)汉斯-蒂斯·雷曼著/李亦男译.-2版,修订版.-北京:北京大学出版社,2016
    10,262页;23cm
    戏剧学专著
    
    ISBN 978-7-301-27672-3:CNY46.00
    本书共七章,主要内容有:戏剧、后戏剧剧场前史、后戏剧剧场纵览、后戏剧剧场符号、例子、展演、后戏剧剧场的方方面面等。
●
相关链接 在E读中查询图书 在五车中查询图书 在当当中查询图书 在豆瓣中查询图书


正题名:后戏剧剧场     索取号:J805.5/112=2         预约/预借

序号 登录号 条形码 馆藏地/架位号 状态 备注
1 1016624   210166247   第一样本阅览室/ [索取号:J805.5/112=2] 在馆    
2 1016625   210166256   教育系资料室/ [索取号:J805.5/112=2] 在馆    
3 1016626   210166265   教育系资料室/ [索取号:J805.5/112=2] 在馆    
4 1016627   210166274   教育系资料室/ [索取号:J805.5/112=2] 在馆    
5 1016628   210166283   第一借阅区/ [索取号:J805.5/112=2] 在馆    
6 1016629   210166292   第一借阅区/ [索取号:J805.5/112=2] 在馆    
唐山师范学院图书馆 欢迎您!
大连网信软件有限公司© 版权所有